| 000 | 00677nam a2200217 a 4500 | ||
|---|---|---|---|
| 005 | 20240910063746.0 | ||
| 008 | 080520s1987 ea r 000 0 eng d | ||
| 020 | _a0195041054 | ||
| 035 | _aUPN01000156058 | ||
| 049 | _aCG | ||
| 050 | 4 |
_aBF692.2 _bM3.7 |
|
| 245 | 1 | 0 |
_aMasculinity/femininity : _bbasic perspectives / _ced. by June Machover Reinisch. |
| 260 |
_aNew York : _bOxford University Press, _c1987. |
||
| 300 |
_axvi, 364 p. : _bil. |
||
| 650 | 4 |
_aDiferencias sexuales (PsicologĂa) _912814 |
|
| 650 | 4 |
_aMasculinidad _914713 |
|
| 650 | 2 |
_aFeminidad _917919 |
|
| 650 | 4 |
_aIdentidad (PsicologĂa) _96603 |
|
| 700 | 1 |
_aReinisch, June Machover, _eed. |
|
| 905 | _aLibro | ||
| 999 |
_c128172 _d128172 |
||